| 000 | 01189nam a2200301Ia 4500 | ||
|---|---|---|---|
| 003 | OSt | ||
| 005 | 20221005110549.0 | ||
| 006 | a|||||r|||| 00| 0 | ||
| 007 | ta | ||
| 008 | 221004b |||||||| |||| 00| 0 hin d | ||
| 020 |
_a9789326354516 (hbk) _cINR 400.00 |
||
| 024 | _a37584 | ||
| 037 |
_bBW/1692, 15/03/2018, Bookwell _cTextual |
||
| 040 |
_aCRL _cCRL _bhin |
||
| 041 |
_2hin _ahin |
||
| 082 | _aO168,1:g, 152Q6 | ||
| 100 | _aनारंग, गोपी चन्द | ||
| 245 | 0 | _aउर्दू मसनवियॉं | |
| 246 | _aUrdū masanaviyaॉan | ||
| 260 |
_aनई दिल्ली _bभारतीय ज्ञानपीठ भारत _c2016 |
||
| 300 |
_a263पृ0 _ccm. |
||
| 490 | _aलोकोदय ग्रन्थमाला; ग्रन्थांक 1277 | ||
| 650 | _a उर्दू साहित्य | ||
| 650 | _aउर्दू कविता | ||
| 700 | _a आलम, खुर्शीद, अनु. | ||
| 942 |
_hO168,1:g, 152Q6 _cTEXL _2cc |
||
| 999 |
_c1019216 _d1019216 |
||